000 00219 a2200097 4500
020 _a9788472456365
041 _aspa
100 _aPresles Philippe
245 _aPrevenir el cancer, el infarto y el alzheimer
942 _cBK
999 _c8957
_d8957